Miasta Nowego Jorku na mapie - Statystyki

Ogólne statystyki
  • Ten quiz został rozwiązany 124 razy
  • Średni wynik to 3 z 12
Odpowiedzi na mapie
Odpowiedzi zakodowano w zielono-czerwonej skali na mapie do tego quizu, zgodnie z poniższymi procentami.
 
Statystyki odpowiedzi
Odpowiedź % Poprawnych
Nowy Jork
92%
Buffalo
35%
Albany
34%
Syracuse
22%
Lake Placid
21%
Rochester
21%
Ithaca
20%
Jamestown
17%
Montauk
17%
Plattsburgh
14%
Binghamton
13%
Poughkeepsie
13%
Nie znaleziono quizów pasujących do podanych kryteriów
Rozkład punktacji
Procent ludzi z każdym wynikiem
Percentyl według liczby udzielonych odpowiedzi
Twoja historia wyników
Nie rozwiązałeś tego quizu